000 01508nam a2200277Ia 4500
001 16388
003 GE_BSU
008 181216s||||||||xx |||||||||||||| ||und||
020 _a9789941159145
040 _cGE_BSU
080 _a821.124-22
245 _aელინისტური და რომაული კომედია
245 _bტ. 18
245 _cმთარგმნ.: მანანა ფხაკაძე, იამზე გაგუა;რედ: დიანა ყასუმაშვილი; დიზ.ია მახათაძე სერიის მთ. რედ. და შემდგ. ემზარ გოგუაძე ;
260 _aთბილისი
260 _bბაკურ სულაკაურის გამ-ბა
260 _c2013.
300 _a395გვ;22სმ
300 _bშენიშვნ.: გვ. 382-392
300 _cყდაზე: რომაული კედლის მხატვრობა
541 _h12ლ
653 _a(ელინისტური და რომაული კომედია)
653 _aანტიკური მწერლობა
653 _aდისკოლოსი; სამოსელი ქალი / მენანდროსი; ფსევდოლი / ტიტუს მაკკიუს პლავტუსი; საჭურისი / პუბლიუს ტერენციუს აფერი
942 _cBK
999 _c49464
_d49464